Select the country of the Manchester United player. - Statistics

General Stats
  • This quiz has been taken 14 times
  • The average score is 13 of 15
Answers on the Map
Answers color-coded by a green-red scale on the quiz's map according to % correct below.
 
Answer Stats
Answer % Correct
Antony
100%
Garnacho
100%
Sofyan Amrabat
100%
Bayindir
92%
Bruno Fernandes
92%
Ibrahimovic
92%
Javier Hernández
92%
Park Ji-sung
92%
Roy Keane
92%
Amad Diallo
83%
de Ligt
83%
Lukaku
83%
Rasmus Højlund
75%
Ugarte
75%
Diego León
58%
No matching quizzes found
Score Distribution
Percent of People with Each Score
Percentile by Number Answered
Your Score History
You have not taken this quiz